000 00464nam a2200181Ia 4500
001 12142
003 IN-NITTTR
005 20251114233113.0
008 251113s9999||||xx |||||||||||||| ||eng||
040 _beng
040 _cIN-NITTTR
041 _aeng
082 _a301.3501724 M725R
245 0 _aRural development;a select bibliography /
_cMohinder Singh, ed., Sharma, P. N., ed.
700 _a Sharma, P. N.
700 _aSingh, Mohinder
942 _2ddc
_cBK
999 _c14778
_d14778